|
|
|
|
| LEADER |
00991nam a2200253 u 4500 |
| 001 |
10082871 |
| 003 |
upatras |
| 005 |
20210117202355.0 |
| 008 |
100107s2009 lu eng |
| 020 |
|
|
|a 9789279113659
|
| 040 |
|
|
|a GR-PaULI
|c GR-PaULI
|
| 041 |
0 |
|
|a eng
|
| 082 |
0 |
4 |
|a 336.201 24
|
| 110 |
|
0 |
|a European Commission
|9 8016
|
| 245 |
1 |
0 |
|a Monitoring revenue trends and tax reforms in Member States
|b joint EC-EPC 2008 report
|c European Commission
|
| 260 |
|
|
|a Luxembourg
|b Office for Official Publications of the European Communities
|c 2009
|
| 300 |
|
|
|a 78 p.
|b tab.
|c 30 cm.
|
| 490 |
0 |
|
|a European Economy : 2009
|v 4
|
| 760 |
0 |
|
|a European Economy
|g 4
|
| 852 |
|
|
|a GR-PaULI
|b ΠΑΤΡΑ
|b ΒΚΠ
|b ΚΕΤ
|h 336.201 24 EUR
|m 097963
|p 025000158594
|t 1
|
| 942 |
|
|
|2 ddc
|
| 952 |
|
|
|0 0
|1 0
|4 0
|6 336_201000000000000_24_EUR
|7 0
|9 87824
|a LISP
|b LISP
|c EDC
|d 2016-04-24
|i 097963
|l 0
|o 336.201 24 EUR
|p 025000158594
|r 2016-04-24 00:00:00
|t 1
|w 2016-04-24
|y BK15
|
| 998 |
|
|
|c ΜΠΟΥΡΑΣ
|d 2010-01
|
| 999 |
|
|
|c 58647
|d 58647
|